Statistiques concernant Devinez le prénom des hommes célèbres suivants Quiz 3.

Cliquez ici pour prendre le quiz!

Statistiques générales

  • Ce quiz a été pris 300 fois
  • Le résultat moyen est 8 sur 15

Statistiques - réponses

HintRéponse% Correct
Luther KingMartin
97%
BonaparteNapoléon
95%
ShakespeareWilliam
95%
PasteurLouis
91%
MarxKarl
89%
WashingtonGeorge
86%
DarwinCharles
73%
DaltonJohn
28%
LavoisierAntoine
26%
PlanckMax
21%
DrakeFrancis
19%
Clerk MaxwellJames
14%
FaradayMichael
13%
MarconiGuglielmo
5%
Van LeeuwenhoekAntoni
3%

Distribution des résultats

Percentile par nombre de réponses

% des personnes avec chaque résultat

Votre développement - résultats

Vous n’avez pas pris ce quiz